[Event "JAM-ch"]
[Site "Kingston"]
[Date "2015.01.30"]
[Round "8"]
[White "Porter, Russel"]
[Black "Myers, Peter"]
[Result "1-0"]
[WhiteElo "2082"]
[BlackElo "1984"]
[PlyCount "57"]
[EventDate "2015.01.17"]
[EventType "tourn"]
[EventRounds "11"]
[EventCountry "JAM"]
[SourceTitle "CBM 164 Extra"]
[Source "ChessBase"]
[SourceDate "2015.03.02"]
[SourceVersion "1"]
[SourceVersionDate "2015.03.02"]
[SourceQuality "1"]

1. c4 c5 2. Nc3 Nc6 3. g3 g6 4. Bg2 Bg7 5. d3 Nf6 6. e3 e5 7. Nge2 0-0 8. 0-0 Ne8 9. b3 Nc7 10. Bb2 d6 11. Qd2 Bf5 12. h3 Rb8 13. Kh2 Nb4 14. Nc1 d5 15. cxd5 Bh6 16. a3 Nba6 17. Qe1 b5 18. e4 Bc8 19. Nd1 Qd6 20. Ne2 f5 21. f4 exf4 22. Nxf4 Bxf4 23. Rxf4 g5 24. Qc3 Qg6 25. exf5 Bxf5 26. Rf1 b4 27. axb4 cxb4 28. Qh8+ Kf7 29. Qe5 1-0

[Event "JAM-ch"]
[Site "Kingston"]
[Date "2013.05.04"]
[Round "6"]
[White "Porter, Russel"]
[Black "Wilkinson, Ian"]
[Result "1/2-1/2"]
[WhiteElo "2128"]
[BlackElo "1952"]
[PlyCount "116"]
[EventDate "2013.04.26"]
[EventType "tourn"]
[EventRounds "9"]
[EventCountry "JAM"]
[SourceTitle "CBM 154 Extra"]
[Source "ChessBase"]
[SourceDate "2013.06.25"]
[SourceVersion "2"]
[SourceVersionDate "2013.06.25"]
[SourceQuality "1"]

1. c4 Nf6 2. Nc3 e6 3. e4 Nc6 4. Nf3 d5 5. e5 Ne4 6. d4 Bb4 7. Qc2 0-0 8. Bd3 f5 9. exf6 Nxf6 10. Bg5 h6 11. Be3 Ng4 12. 0-0-0 Nxe3 13. fxe3 dxc4 14. Bxc4 Qe7 15. Rhf1 Bd7 16. d5 Na5 17. Bd3 Qc5 18. e4 Qe7 19. Kb1 c6 20. Rfe1 Rac8 21. dxe6 Bxe6 22. e5 b5 23. Nd4 Bg4 24. Nf3 Qc5 25. Rf1 Bxf3 26. Rxf3 Qxe5 27. Rdf1 Rxf3 28. Rxf3 Qxh2 29. a3 Bxc3 30. Qxc3 Qxg2 31. Bf1 Qh1 32. Ka2 Qh5 33. Bh3 Qd5+ 34. Ka1 Re8 35. Rd3 Qh1+ 36. Ka2 Nc4 37. Rg3 Ne5 38. Bg2 Qh5 39. Ka1 Qd1+ 40. Ka2 Qd6 41. Be4 Re7 42. Bb1 g6 43. Ka1 c5 44. Qc1 Kg7 45. Qg1 a5 46. Qh2 Qf6 47. Qe2 b4 48. Qb5 bxa3 49. Rxa3 c4 50. Rxa5 h5 51. Ra6 Qg5 52. Rxg6+ Qxg6 53. Bxg6 Kxg6 54. Qc5 Re6 55. Qd5 Kf5 56. Qh1 Kg5 57. Qd5 Kf5 58. Qh1 Kg5 1/2-1/2

[Event "St Jago Elite op"]
[Site "Spanish Town"]
[Date "2011.07.02"]
[Round "2"]
[White "Thomas, Peter"]
[Black "Porter, Russel"]
[Result "1-0"]
[WhiteElo "1991"]
[BlackElo "2140"]
[PlyCount "133"]
[EventDate "2011.07.02"]
[EventType "swiss"]
[EventRounds "4"]
[EventCountry "JAM"]
[SourceTitle "EXT 2013"]
[Source "ChessBase"]
[SourceDate "2012.11.22"]
[SourceVersion "1"]
[SourceVersionDate "2012.11.22"]
[SourceQuality "1"]

1. d4 Nf6 2. c4 g6 3. Nc3 Bg7 4. g3 0-0 5. Bg2 Nc6 6. Nf3 d5 7. cxd5 Nxd5 8. 0-0 Nb6 9. d5 Na5 10. e4 c6 11. dxc6 Nxc6 12. Nd5 Nxd5 13. exd5 Nb4 14. Nh4 Qc7 15. Qb3 Nc2 16. Rb1 Nd4 17. Qd1 Rd8 18. Be3 Nf5 19. Rc1 Qa5 20. Nxf5 Bxf5 21. Qb3 Rd7 22. Rc5 Qa6 23. Rfc1 Rad8 24. R5c4 Qf6 25. g4 Bxg4 26. Rxg4 Qxb2 27. Rb4 Qxb3 28. Rxb3 b6 29. Kf1 f5 30. Ke2 Be5 31. f4 Bf6 32. Rc6 Kf7 33. a4 h6 34. Rb1 Rd6 35. Rbc1 R6d7 36. Rc8 Rxc8 37. Rxc8 g5 38. Rc6 g4 39. Rc4 h5 40. Bd4 h4 41. Bxf6 Kxf6 42. Rc6+ Kf7 43. h3 Rd6 44. Rxd6 exd6 45. Ke3 Ke7 46. Bf1 Kf6 47. Ba6 g3 48. Bf1 Ke7 49. Bg2 Kd7 50. Kd4 Kc7 51. Kc3 Kb7 52. Kc4 a6 53. Kb4 Kc7 54. Kc3 Kb7 55. Kd4 Kc7 56. Bf1 Kb7 57. Ke3 Ka7 58. Bd3 b5 59. a5 Kb7 60. Bxf5 Kc7 61. Be4 Kd8 62. Kf3 Ke7 63. Kg4 Kf6 64. Kxh4 g2 65. Bxg2 Kf5 66. Kg3 b4 67. Kf3 1-0

[Event "Olympiad-39"]
[Site "Khanty-Mansiysk"]
[Date "2010.09.23"]
[Round "3.4"]
[White "Porter, Russel"]
[Black "Atabayev, Yusup"]
[Result "1/2-1/2"]
[WhiteElo "2163"]
[BlackElo "2313"]
[PlyCount "84"]
[EventDate "2010.09.21"]
[EventType "team-swiss"]
[EventRounds "11"]
[EventCountry "RUS"]
[SourceTitle "CBM 139"]
[Source "ChessBase"]
[SourceDate "2010.11.18"]
[SourceVersion "1"]
[SourceVersionDate "2010.11.18"]
[SourceQuality "1"]
[WhiteTeam "Jamaica"]
[BlackTeam "Turkmenistan"]
[WhiteTeamCountry "JAM"]
[BlackTeamCountry "TKM"]

1. c4 b6 2. Nc3 Bb7 3. d4 e6 4. a3 d5 5. Nf3 Nf6 6. Bg5 Be7 7. e3 0-0 8. Qc2 Nbd7 9. cxd5 exd5 10. Bd3 c5 11. 0-0 Ne4 12. Bxe7 Qxe7 13. dxc5 bxc5 14. Bxe4 dxe4 15. Nd2 Ba6 16. Qxe4 Qxe4 17. Ncxe4 Bxf1 18. Kxf1 f5 19. Nd6 Rab8 20. N6c4 Kf7 21. Rc1 Ke6 22. Ke2 Nb6 23. Rc2 Nxc4 24. Nxc4 Rfd8 25. Nd2 Kd5 26. Kd3 Rd6 27. b3 g5 28. h3 h5 29. Kc3 Rdb6 30. Rb2 Rd6 31. Nc4 Rdd8 32. Re2 Ke6 33. Nd2 g4 34. hxg4 hxg4 35. g3 Rd5 36. Nc4 Rbd8 37. e4 Rd3+ 38. Kc2 fxe4 39. Rxe4+ Kf5 40. Rf4+ Ke6 41. Re4+ Kf5 42. Rf4+ Ke6 1/2-1/2

[Event "JAM-ch"]
[Site "Kingston"]
[Date "2009.07.18"]
[Round "10"]
[White "Porter, Russel"]
[Black "James, Stuart"]
[Result "1/2-1/2"]
[WhiteElo "2195"]
[BlackElo "1951"]
[PlyCount "40"]
[EventDate "2009.07.03"]
[EventType "tourn"]
[EventRounds "11"]
[EventCountry "JAM"]
[SourceTitle "EXT 2023"]
[Source "ChessBase"]
[SourceDate "2022.10.05"]
[SourceVersion "1"]
[SourceVersionDate "2022.10.05"]
[SourceQuality "1"]

1. Nf3 e6 2. d4 f5 3. g3 b6 4. Bg2 Bb7 5. 0-0 Nf6 6. c4 Be7 7. Nc3 0-0 8. b3 Ne4 9. Bb2 d6 10. d5 Nxc3 11. Bxc3 e5 12. Nxe5 dxe5 13. d6 Bxg2 14. dxe7 Qxe7 15. Kxg2 Rd8 16. Qc2 g6 17. Rad1 Nc6 18. e3 Qe6 19. Rxd8+ Rxd8 20. Rd1 Rd6 1/2-1/2

[Event "JAM-ch"]
[Site "Kingston"]
[Date "2009.07.15"]
[Round "8"]
[White "Porter, Russel"]
[Black "Davy, Damion"]
[Result "1/2-1/2"]
[WhiteElo "2195"]
[BlackElo "1988"]
[PlyCount "23"]
[EventDate "2009.07.03"]
[EventType "tourn"]
[EventRounds "11"]
[EventCountry "JAM"]
[SourceTitle "EXT 2023"]
[Source "ChessBase"]
[SourceDate "2022.10.05"]
[SourceVersion "1"]
[SourceVersionDate "2022.10.05"]
[SourceQuality "1"]

1. c4 e5 2. Nc3 Nc6 3. Nf3 Nf6 4. e3 Bb4 5. Nd5 Be7 6. d3 0-0 7. Be2 d6 8. Nxe7+ Qxe7 9. b3 h6 10. Bb2 a5 11. 0-0 Nh7 12. Qd2 1/2-1/2

[Event "JAM-ch"]
[Site "Kingston"]
[Date "2007.09.22"]
[Round "9"]
[White "Henry, Mark"]
[Black "Porter, Russel"]
[Result "0-1"]
[WhiteElo "1880"]
[BlackElo "2201"]
[PlyCount "114"]
[EventDate "2007.07.21"]
[EventType "tourn"]
[EventRounds "11"]
[EventCountry "JAM"]
[SourceTitle "EXT 2023"]
[Source "ChessBase"]
[SourceDate "2022.10.05"]
[SourceVersion "1"]
[SourceVersionDate "2022.10.05"]
[SourceQuality "1"]

1. e4 c5 2. Nf3 e6 3. d4 cxd4 4. Nxd4 Nc6 5. Nxc6 bxc6 6. c4 Nf6 7. Nc3 e5 8. a3 Be7 9. Be2 0-0 10. 0-0 d6 11. b4 Qc7 12. Be3 Rd8 13. Rc1 Be6 14. h3 Qb7 15. Qa4 a6 16. Qc2 Nd7 17. Na4 Rf8 18. f4 exf4 19. Bxf4 Rfe8 20. Qd2 Rad8 21. Bxd6 Qa7+ 22. c5 Nxc5 23. bxc5 Bxd6 24. Qc3 Bf8 25. Kh1 g6 26. Bc4 Bg7 27. Qf3 Bxc4 28. Rxc4 Qe7 29. Nb6 Rd4 30. Qf2 Rxc4 31. Nxc4 Rf8 32. Nd6 Be5 33. Rd1 Qg5 34. Rf1 Qe7 35. Rd1 Rd8 36. Qd2 Qh4 37. Qd3 Qf4 38. g3 Qxg3 39. Qxg3 Bxg3 40. Kg2 Be5 41. Kf3 f6 42. Rd2 Bxd6 43. cxd6 Kf7 44. d7 Ke6 45. Rb2 Rxd7 46. Ke3 Kd6 47. Kd4 c5+ 48. Kc4 Kc6 49. Re2 Re7 50. Kd3 f5 51. e5 Kd5 52. Rb2 c4+ 53. Kc3 Rxe5 54. Rb7 Re3+ 55. Kc2 Rxh3 56. Rd7+ Ke4 57. Rc7 Kd5 0-1

[Event "JAM-ch"]
[Site "Kingston"]
[Date "2007.09.02"]
[Round "6"]
[White "Porter, Russel"]
[Black "Myers, Peter"]
[Result "1/2-1/2"]
[WhiteElo "2201"]
[BlackElo "2103"]
[PlyCount "42"]
[EventDate "2007.07.21"]
[EventType "tourn"]
[EventRounds "11"]
[EventCountry "JAM"]
[SourceTitle "EXT 2023"]
[Source "ChessBase"]
[SourceDate "2022.10.05"]
[SourceVersion "1"]
[SourceVersionDate "2022.10.05"]
[SourceQuality "1"]

1. c4 e5 2. Nc3 Nf6 3. Nf3 Nc6 4. g3 d5 5. cxd5 Nxd5 6. Bg2 Be6 7. 0-0 Be7 8. d4 exd4 9. Nxd4 Nxc3 10. bxc3 Nxd4 11. cxd4 c6 12. e4 0-0 13. Be3 Bc4 14. Re1 a5 15. Qc2 b5 16. Red1 a4 17. Rab1 Qd7 18. Bf1 Bxf1 19. Rxf1 Rac8 20. Qe2 f5 21. d5 cxd5 1/2-1/2

[Event "JAM-ch"]
[Site "Kingston"]
[Date "2007.07.28"]
[Round "3"]
[White "Matthews, Shane"]
[Black "Porter, Russel"]
[Result "1/2-1/2"]
[WhiteElo "2231"]
[BlackElo "2201"]
[PlyCount "43"]
[EventDate "2007.07.21"]
[EventType "tourn"]
[EventRounds "11"]
[EventCountry "JAM"]
[SourceTitle "EXT 2023"]
[Source "ChessBase"]
[SourceDate "2022.10.05"]
[SourceVersion "1"]
[SourceVersionDate "2022.10.05"]
[SourceQuality "1"]

1. e4 c5 2. Nf3 e6 3. d4 cxd4 4. Nxd4 Nc6 5. Nb5 d6 6. c4 Nf6 7. N1c3 a6 8. Na3 Be7 9. Be2 0-0 10. Be3 b6 11. 0-0 Bb7 12. f3 Rc8 13. Rc1 Ne5 14. Qb3 Ned7 15. Rfd1 Qc7 16. Nab1 Rfe8 17. g4 h6 18. a3 Bd8 19. Qa2 Qb8 20. Bf4 Bc7 21. b4 Ne5 22. Bg3 1/2-1/2

[Event "JAM-ch"]
[Site "Kingston"]
[Date "2007.07.22"]
[Round "2"]
[White "Porter, Russel"]
[Black "Wisdom, Daren"]
[Result "0-1"]
[WhiteElo "2201"]
[BlackElo "1911"]
[PlyCount "122"]
[EventDate "2007.07.21"]
[EventType "tourn"]
[EventRounds "11"]
[EventCountry "JAM"]
[SourceTitle "EXT 2023"]
[Source "ChessBase"]
[SourceDate "2022.10.05"]
[SourceVersion "1"]
[SourceVersionDate "2022.10.05"]
[SourceQuality "1"]

1. c4 e5 2. Nc3 Nc6 3. Nf3 g6 4. g3 Bg7 5. Bg2 f5 6. d3 Nf6 7. 0-0 0-0 8. Rb1 d6 9. b4 h6 10. b5 Ne7 11. a4 g5 12. Nd2 Qe8 13. Ba3 Rb8 14. c5 d5 15. e4 d4 16. Qb3+ Kh7 17. Nd5 Nexd5 18. exd5 Qg6 19. Rfe1 Re8 20. Qc2 f4 21. Ne4 Nxd5 22. Nxg5+ hxg5 23. Bxd5 Bf5 24. Be4 Bf6 25. c6 b6 26. Qe2 Kg7 27. g4 Bxe4 28. Qxe4 Qxe4 29. Rxe4 Rh8 30. f3 Rh3 31. Kg2 Rbh8 32. Rh1 Kf7 33. Ree1 R3h7 34. Bb4 Ke6 35. Ra1 Ra8 36. Rhe1 a5 37. bxa6 Rxa6 38. a5 Kd5 39. Rec1 Be7 40. Bxe7 Rxe7 41. axb6 Rxb6 42. Ra5+ Kd6 43. h4 Rb2+ 44. Kg1 gxh4 45. Ra8 Rd2 46. Rd8+ Ke6 47. Ra1 Rxd3 48. Rh8 Rxf3 49. Ra5 Rg3+ 50. Kf2 Rxg4 51. Rh6+ Kf5 52. Rd5 Ke4 53. Rd7 Rgg7 54. Rd8 d3 55. Rxh4 Rg6 56. Rh3 Rd6 57. Rxd6 cxd6 58. Rh6 d5 59. Rd6 Rc7 60. Rf6 f3 61. Rh6 d2 0-1

[Event "Lodi op"]
[Site "Lodi"]
[Date "2006.06.09"]
[Round "7"]
[White "Majer, Christopher"]
[Black "Porter, Russel"]
[Result "0-1"]
[WhiteElo "1993"]
[BlackElo "2201"]
[PlyCount "94"]
[EventDate "2006.06.05"]
[EventType "swiss"]
[EventRounds "9"]
[EventCountry "ITA"]
[SourceTitle "CBM 112 Extra"]
[Source "ChessBase"]
[SourceDate "2006.07.14"]
[SourceVersion "1"]
[SourceVersionDate "2006.07.14"]
[SourceQuality "1"]

1. e4 c5 2. d4 cxd4 3. c3 dxc3 4. Nxc3 Nc6 5. Nf3 d6 6. Bc4 e6 7. 0-0 Be7 8. Qe2 Nf6 9. Rd1 Qc7 10. Bf4 a6 11. e5 Nh5 12. exd6 Nxf4 13. dxc7 Nxe2+ 14. Bxe2 Bd7 15. Na4 Rc8 16. Nb6 Rxc7 17. Rac1 Bd8 18. Bf1 Nb8 19. Nxd7 Rxc1 20. Rxc1 Nxd7 21. Bd3 0-0 22. Be4 b6 23. b4 Be7 24. Rc7 Rd8 25. Bd3 Bxb4 26. Bxa6 Bc5 27. Kf1 Nf6 28. Ke2 Nd5 29. Rc8 Rxc8 30. Bxc8 Nc3+ 31. Ke1 Nxa2 32. Ne5 Nb4 33. Ke2 Kf8 34. Bb7 Nd5 35. g3 Ke7 36. Nd3 Kd6 37. Nf4 Nc3+ 38. Ke1 Nb5 39. Ba6 Nd4 40. h4 b5 41. Ne2 Nf3+ 42. Kf1 Kc6 43. Nc3 Nd4 44. Nb1 Bb4 45. Kg2 Nf5 46. Kf3 Nd6 47. Ke2 Kb6 0-1

[Event "Lodi op"]
[Site "Lodi"]
[Date "2006.06.07"]
[Round "4"]
[White "Porter, Russel"]
[Black "Contin, Daniel"]
[Result "0-1"]
[WhiteElo "2201"]
[BlackElo "2396"]
[PlyCount "96"]
[EventDate "2006.06.05"]
[EventType "swiss"]
[EventRounds "9"]
[EventCountry "ITA"]
[SourceTitle "CBM 112 Extra"]
[Source "ChessBase"]
[SourceDate "2006.07.14"]
[SourceVersion "1"]
[SourceVersionDate "2006.07.14"]
[SourceQuality "1"]

1. c4 c5 2. Nf3 Nf6 3. Nc3 g6 4. d4 cxd4 5. Nxd4 Bg7 6. e4 Nc6 7. Be3 d6 8. Be2 0-0 9. 0-0 Bd7 10. Qd2 Nxd4 11. Bxd4 Bc6 12. f3 Nd7 13. Be3 a5 14. Rab1 Nc5 15. Rfd1 b6 16. b3 f5 17. exf5 gxf5 18. Nd5 Ra7 19. Bd3 e6 20. Nc3 f4 21. Bf2 Bxc3 22. Qxc3 Rg7 23. Bf1 e5 24. Rb2 Rg6 25. Bxc5 bxc5 26. Rf2 Rh6 27. Bd3 Qh4 28. h3 Qg3 29. Qxa5 Rxh3 30. Qc7 e4 31. Bxe4 Bxe4 32. Qxd6 Bf5 33. Qd5+ Rf7 34. Re2 Rh2 35. a4 h6 36. Qxc5 Qh4 37. Re8+ Kh7 38. Kf1 Bd3+ 39. Rxd3 Rh1+ 40. Qg1 Rg7 41. Rd1 Qh2 42. Kf2 Qg3+ 43. Ke2 Rxg1 44. Rxg1 Qh2 45. Kf2 Qg3+ 46. Ke2 Rb7 47. Re1 Qxg2+ 48. Kd1 Qxf3+ 0-1

[Event "Olympiad-37"]
[Site "Turin"]
[Date "2006.06.02"]
[Round "11"]
[White "Porter, Russel"]
[Black "Yu, Melvin"]
[Result "1-0"]
[WhiteElo "2201"]
[BlackElo "2032"]
[PlyCount "63"]
[EventDate "2006.05.21"]
[EventType "team-swiss"]
[EventRounds "13"]
[EventCountry "ITA"]
[SourceTitle "CBM 113"]
[Source "ChessBase"]
[SourceDate "2006.07.31"]
[SourceVersion "1"]
[SourceVersionDate "2006.07.31"]
[SourceQuality "1"]
[WhiteTeam "Jamaica"]
[BlackTeam "Hong Kong"]
[WhiteTeamCountry "JAM"]
[BlackTeamCountry "HKG"]

1. c4 Nf6 2. Nc3 g6 3. e4 d6 4. d4 Bg7 5. Nf3 0-0 6. Be2 e5 7. 0-0 Nc6 8. d5 Ne7 9. Ne1 Nd7 10. Be3 b6 11. b4 f5 12. f3 f4 13. Bf2 Kh8 14. Nd3 g5 15. c5 h5 16. cxd6 cxd6 17. Nb5 Nf6 18. Rc1 Rg8 19. Nc7 Rb8 20. Ne6 Bxe6 21. dxe6 Bh6 22. Nb2 g4 23. Bh4 Nxe4 24. fxe4 f3 25. Bxf3 Bxc1 26. Qxc1 Rg6 27. Be2 Rb7 28. Rf7 Rc7 29. Qd2 a5 30. Nc4 d5 31. Nxe5 Rxe6 32. Qg5 1-0

[Event "Olympiad-37"]
[Site "Turin"]
[Date "2006.05.30"]
[Round "9"]
[White "Guerra Tulcan, Lenin"]
[Black "Porter, Russel"]
[Result "1-0"]
[WhiteElo "2299"]
[BlackElo "2201"]
[PlyCount "66"]
[EventDate "2006.05.21"]
[EventType "team-swiss"]
[EventRounds "13"]
[EventCountry "ITA"]
[SourceTitle "CBM 113"]
[Source "ChessBase"]
[SourceDate "2006.07.31"]
[SourceVersion "1"]
[SourceVersionDate "2006.07.31"]
[SourceQuality "1"]
[WhiteTeam "Ecuador"]
[BlackTeam "Jamaica"]
[WhiteTeamCountry "ECU"]
[BlackTeamCountry "JAM"]

1. e4 c5 2. Nf3 e6 3. d4 cxd4 4. Nxd4 Nc6 5. Nc3 Qc7 6. Be2 a6 7. 0-0 Nf6 8. a3 b5 9. Nxc6 dxc6 10. Bg5 Be7 11. f4 e5 12. fxe5 Qxe5 13. Bf4 Qc5+ 14. Kh1 Be6 15. Qe1 0-0 16. b4 Qb6 17. Qg3 Kh8 18. Be5 a5 19. Rad1 axb4 20. axb4 Ra3 21. Qg5 h6 22. Qc1 Rfa8 23. Nb1 Qe3 24. Nxa3 Qxe2 25. Rde1 Qh5 26. Qb2 Ng4 27. Bg3 Bf6 28. e5 Bh4 29. Qc3 Bd5 30. Nb1 Bg5 31. Nd2 Bh4 32. Kg1 Be7 33. h3 Qg5 1-0

[Event "Olympiad-37"]
[Site "Turin"]
[Date "2006.05.24"]
[Round "4"]
[White "Dominguez Aguilar, Guillermo"]
[Black "Porter, Russel"]
[Result "1-0"]
[WhiteElo "2342"]
[BlackElo "2201"]
[PlyCount "121"]
[EventDate "2006.05.21"]
[EventType "team-swiss"]
[EventRounds "13"]
[EventCountry "ITA"]
[SourceTitle "CBM 113"]
[Source "ChessBase"]
[SourceDate "2006.07.31"]
[SourceVersion "1"]
[SourceVersionDate "2006.07.31"]
[SourceQuality "1"]
[WhiteTeam "Mexico"]
[BlackTeam "Jamaica"]
[WhiteTeamCountry "MEX"]
[BlackTeamCountry "JAM"]

1. e4 c5 2. Nf3 e6 3. d4 cxd4 4. Nxd4 Nc6 5. Nb5 d6 6. c4 Nf6 7. N1c3 a6 8. Na3 Be7 9. Be2 0-0 10. 0-0 b6 11. Be3 Bb7 12. Qb3 Nd7 13. Rfd1 Nc5 14. Qc2 Qc7 15. f3 Rac8 16. Bf1 Bf6 17. Rac1 Rfd8 18. Nab1 Qe7 19. a3 a5 20. Rd2 Ne5 21. Rcd1 Ng6 22. b4 axb4 23. axb4 Nd7 24. Rxd6 Nde5 25. Rxd8+ Rxd8 26. Rxd8+ Qxd8 27. Na4 Nh4 28. Be2 Nc6 29. Bxb6 Bd4+ 30. Bxd4 Qxd4+ 31. Kf1 Qd6 32. g3 Ng6 33. c5 Qd4 34. b5 Nce5 35. c6 Bc8 36. Nbc3 h5 37. Qd1 Qxd1+ 38. Nxd1 Ne7 39. f4 N5xc6 40. bxc6 Nxc6 41. Bxh5 Ba6+ 42. Kf2 Nb4 43. Nc5 Bb5 44. Nc3 Bc6 45. Bd1 g6 46. Ke3 Be8 47. Bb3 Kf8 48. e5 Ke7 49. N3e4 Bc6 50. Nf6 Bh1 51. h4 Bc6 52. g4 Kf8 53. Kd4 Bf3 54. Ba4 Nd5 55. Nxd5 Bxd5 56. Nd7+ Kg7 57. Nf6 Bf3 58. Kc5 Bg2 59. Kd6 Bf3 60. Ke7 Bb7 61. Be8 1-0

[Event "JAM-ch"]
[Site "Kingston"]
[Date "2005.05.08"]
[Round "11.4"]
[White "Porter, Russel"]
[Black "Pitterson, Jomo"]
[Result "1/2-1/2"]
[WhiteElo "2175"]
[BlackElo "2200"]
[PlyCount "88"]
[EventDate "2005.04.03"]
[EventType "tourn"]
[EventRounds "11"]
[EventCountry "JAM"]
[SourceTitle "EXT 2015"]
[Source "ChessBase"]
[SourceDate "2014.11.20"]
[SourceVersion "1"]
[SourceVersionDate "2014.11.20"]
[SourceQuality "1"]

1. c4 Nf6 2. Nc3 g6 3. e4 d6 4. d4 Bg7 5. Nf3 0-0 6. Be2 e5 7. 0-0 Na6 8. Be3 Ng4 9. Bg5 Qe8 10. h3 f6 11. Bd2 Nh6 12. Rb1 Nf7 13. dxe5 dxe5 14. b4 c6 15. Be3 Qe7 16. Qa4 Rd8 17. Rfd1 Rxd1+ 18. Bxd1 f5 19. b5 Nc5 20. Qb4 Bf8 21. Bc2 Be6 22. bxc6 bxc6 23. Nd2 Rd8 24. Nb3 Nd3 25. Qxe7 Bxe7 26. Na5 Nb4 27. Ba4 Rd3 28. Rc1 Nd8 29. Bb3 Rd7 30. exf5 gxf5 31. Rd1 Nd3 32. c5 f4 33. Bc1 Bxc5 34. Ne4 Bxb3 35. Nxb3 Be7 36. Ba3 Kf7 37. Bxe7 Kxe7 38. Rd2 Nb4 39. Rxd7+ Kxd7 40. Nbc5+ Ke7 41. a4 h6 42. Kf1 Ne6 43. Nb7 Nd4 44. Ke1 Nd5 1/2-1/2

[Event "JAM-ch"]
[Site "Kingston"]
[Date "2005.04.23"]
[Round "6.1"]
[White "Myers, Peter"]
[Black "Porter, Russel"]
[Result "1-0"]
[WhiteElo "2151"]
[BlackElo "2175"]
[PlyCount "123"]
[EventDate "2005.04.03"]
[EventType "tourn"]
[EventRounds "11"]
[EventCountry "JAM"]
[SourceTitle "EXT 2015"]
[Source "ChessBase"]
[SourceDate "2014.11.20"]
[SourceVersion "1"]
[SourceVersionDate "2014.11.20"]
[SourceQuality "1"]

1. d4 Nf6 2. Nf3 g6 3. e3 Bg7 4. Bd3 0-0 5. 0-0 d6 6. c4 Nbd7 7. Nc3 e5 8. Qc2 Qe7 9. b4 Re8 10. Nd2 c6 11. Rb1 Nh5 12. d5 f5 13. Nb3 Ndf6 14. dxc6 bxc6 15. Na5 Qc7 16. Qa4 Bd7 17. b5 c5 18. Nd5 Nxd5 19. cxd5 Qd8 20. Nc6 Qf6 21. Be2 Qg5 22. Bxh5 Qxh5 23. Qd1 Qg5 24. Qf3 Qf6 25. Bb2 Qf7 26. Rfd1 g5 27. a4 g4 28. Qe2 Bh6 29. f3 gxf3 30. Qxf3 Qf6 31. Re1 Kf7 32. Qh5+ Qg6 33. Qxg6+ hxg6 34. a5 Bc8 35. Bc3 Bg5 36. Re2 Bb7 37. Kf2 Kg8 38. Ra2 Rf8 39. a6 Bc8 40. b6 axb6 41. Rxb6 f4 42. e4 Bh4+ 43. Kf1 f3 44. g3 Bg5 45. Kf2 Rf7 46. a7 Bb7 47. Rab2 Bxc6 48. dxc6 Raxa7 49. Rb8+ Kg7 50. R8b7 Bd8 51. Rxf7+ Rxf7 52. Rb7 Bc7 53. Ra7 Kf6 54. Kxf3 Ke6+ 55. Kg4 d5 56. Ba5 Bxa5 57. exd5+ Kf6 58. Rxa5 Rc7 59. Rxc5 Ke7 60. Kg5 Kd6 61. Rb5 e4 62. Kf4 1-0